000 004960000a22001930004500
020 _a0-87788-765-9
041 0 _aENG
082 0 4 _aG 261.835 N998s
100 1 _aNystrom, Carolyn
245 1 0 _aSexuality : God's good ideal / Carolyn Nystrom, Matthew Floding
250 _a3
260 _aWheaton, ILL., USA : H. Shaw
300 _a71 Pag
001 7001
942 _cBK
999 _c37241
_d37241
336 _atexto
_btxt
_2rdacontent
337 _2rdamedia
_asin mediación
_bn
338 _2rdacarrier
_avolumen
_bnc